00347nam a2200133 a 4500001000500000005001700005008004100022020001800063050001700081245004800098260003400146300001400180650001900194043920140414131928.0040110s19uu xx 00 eng d a0-7853-0087-2 aERbSt6 1993 aStories Jesus told :bmy little book about. aU.S.A :bNew Season's,c1993. ap. ; cm. aBible stories.